A última batalha (Record no. 46280)
[ view plain ]
| 000 -Etiqueta do registo | |
|---|---|
| Valores | 00662cam a2200229 4500 |
| 010 ## - Número ISBN | |
| ISBN | 9722500368 |
| 021 ## - Número do Depósito Legal | |
| Número | 28519/89 |
| 100 ## - Dados gerais de processamento | |
| Dados gerais | 19900504d1989 m y0pory5003 ba |
| 101 1# - Língua de publicação | |
| Língua | por |
| 102 ## - País de publicação | |
| País | PT |
| 200 1# - Titulo e menção de responsabilidade | |
| Título próprio | A última batalha |
| Informação de outro título | a queda de Berlim |
| Primeira menção de responsabilidade | Cornelius Ryan |
| Outras menções de responsabilidade | trad. Augusto Pastor Fernandes |
| 205 ## - Menção da edição | |
| Edição | 3.ª ed. |
| 210 #9 - Publicação | |
| Local de publicação | Venda Nova |
| Nome do editor | Bertrand, |
| Data de publicação | imp. 1989 |
| 215 ## - Descrição física | |
| Paginação / Volumes | 502 p. |
| Dimensões | 23 cm |
| 675 ## - CDU | |
| Notação | 821.111(417)-311.6"19" |
| Edição | BN |
| Língua | por |
| 700 #1 - Autor principal | |
| Apelido | Ryan, |
| Nome | Cornelius, |
| Datas | 1920-1974 |
| 702 #1 - Autor secundário | |
| Apelido | Fernandes, |
| Nome | Augusto Pastor, |
| Datas | 1914-1998 |
| Função | 730 |
| 702 #1 - Autor secundário | |
| Apelido | Clara, |
| Nome | Maria, |
| Datas | 1934- |
| Função | 550 |
| 801 #0 - Fonte de origem | |
| País | PT |
| Agência | BN |
| Regras de catalogação | RPC |
| 990 ## - Elementos KOHA | |
| Tipo de documento | Livro |
| Aquisição | Empréstimo | Código de barras | Cota | Permissão de empréstimo | Tipo de documento | Nota relativa ao exemplar |
|---|---|---|---|---|---|---|
| Biblioteca Municipal de Redondo | Biblioteca Municipal de Redondo | 057388 | 821.111(417)-3 RYN | Livro | oferta de Franklim Amaro Cabreirinha |